| 000 | 00944nam a2200217Ia 4500 | ||
|---|---|---|---|
| 001 | 18809 | ||
| 003 | GE_BSU | ||
| 008 | 181216s||||||||xx |||||||||||||| ||und|| | ||
| 040 | _cGE_BSU | ||
| 245 | _aაუდიტი,აღრიცხვა,ფინანსები. №7(199) 2016. | ||
| 245 | _bყოველთვიური ჟურნალი მეწარმეებისა და ფინანსისტებისათვის | ||
| 245 | _cგენ.დირ.ფრიდონ ალშიბაია,მთ.რედ.გიორგი ცერცვაძე. | ||
| 260 | _aთბილისი | ||
| 260 | _bშპს "ააფ-მენეჯმენტი | ||
| 260 | _c2016 | ||
| 300 | _a60გვ;29სმ; | ||
| 653 | _aაუდიტი,აღრიცხვა,ფინანსები. | ||
| 653 | _aეკონომიკა | ||
| 653 | _aპერიოდიკა | ||
| 942 | _cCR | ||
| 999 |
_c51814 _d51814 |
||